Enseñanza de las ciencias

Saved in:
Bibliografiske detaljer
Hovedforfatter: Barnard, J. Darrell (Author)
Format: Bog
Sprog:spansk
Udgivet: Buenos Aires Librería del Colegio 1970
Serier:Nueva Pedagogía, 10
Fag:
Tags: Tilføj Tag
Ingen Tags, Vær først til at tagge denne postø!

MARC

LEADER 00000nam a2200000 a 4500
001 UCU1032
003 CL-VaPUC
008 960329e19700000AG |||||||||||||||||spa|d
082 0 4 |a 372.35  |b BAR  |2 21 
100 0 |a Barnard, J. Darrell  |e author  |9 356624 
245 1 0 |a Enseñanza de las ciencias 
300 |a 41 p 
942 |c BK 
945 |d 19960329 00:00:00  |a lriquelm 
260 |a Buenos Aires  |b Librería del Colegio  |c 1970 
650 0 |a Educación científica   |9 307484 
650 0 |a Educación básica   |9 224933 
650 0 |a Ciencias naturales  |9 260542 
650 7 |a MATERIAL Y EQUIPO DIDACTICOS  |2 CL-VaPUC  |9 309109 
650 0 |a Métodos de enseñanza  |9 270413 
583 |a last modification  |c 20170822 01:37:20  |k Rodrigo Vera 
490 0 |a Nueva Pedagogía, 10 
999 |c 245803  |d 245801 
952 |0 0  |1 0  |4 0  |6 372_350000000000000_BAR_1970  |7 0  |8 P  |9 260402  |a BIBEDU  |b BIBEDU  |c BIBEDU_PB  |d 2019-11-19  |i 1639536  |o 372.35 BAR 1970  |p 1639536  |r 2019-11-19  |w 2019-11-19  |y BK  |k EDU